Games untold / (Record no. 9718)

MARC details
000 -LEADER
fixed length control field 01296nam a22002537a 4500
001 - CONTROL NUMBER
control field 9718
003 - CONTROL NUMBER IDENTIFIER
control field FISKH
005 - DATE AND TIME OF LATEST TRANSACTION
control field 20260130111951.0
008 - FIXED-LENGTH DATA ELEMENTS--GENERAL INFORMATION
fixed length control field 260130b cb ||||| |||| 00| 0 eng d
020 ## - INTERNATIONAL STANDARD BOOK NUMBER
International Standard Book Number 9780241684337
040 ## - CATALOGING SOURCE
Original cataloging agency FISKH
Language of cataloging eng
Transcribing agency FISKH
Modifying agency FISKH
050 ## - LIBRARY OF CONGRESS CALL NUMBER
Classification number PZ7 .B26225
082 ## - DEWEY DECIMAL CLASSIFICATION NUMBER
Classification number 813.00
100 ## - MAIN ENTRY--PERSONAL NAME
Personal name Barnes, Jennifer Lynn
245 ## - TITLE STATEMENT
Title Games untold /
Statement of responsibility, etc. Jennifer Lynn Barnes
250 ## - EDITION STATEMENT
Edition statement This edition published in 2025
260 ## - PUBLICATION, DISTRIBUTION, ETC.
Place of publication, distribution, etc. United Kingdom :
Name of publisher, distributor, etc. Penguin,
Date of publication, distribution, etc. 2022
300 ## - PHYSICAL DESCRIPTION
Extent 433 pages :
Other physical details illustrations ;
Dimensions 20 cm
490 ## - SERIES STATEMENT
Series statement The Inheritance Games :
Volume/sequential designation Book Five
520 ## - SUMMARY, ETC.
Summary, etc. There is nothing frivolous about the way a Hawthorne man loves.<br/> <br/>An amnesiac playboy and the woman with every reason to hate him. A daredevil, his favorite heiress, and three nights in Prague. An unlikely pairing between a cowboy and a goth. Four brothers with an inescapable bond, strengthened by the family they chose, in a house of wonders that promises to always deliver one more secret. Discover their stories of love and loss, power, puzzles, and life-and-death secrets in this mind-blowingly romantic collection that proves that when you love the way Hawthornes love, there is no going back.
650 ## - SUBJECT ADDED ENTRY--TOPICAL TERM
Topical term or geographic name entry element Fantasy & Supernatural
942 ## - ADDED ENTRY ELEMENTS (KOHA)
Source of classification or shelving scheme Dewey Decimal Classification
Koha item type Books
Suppress in OPAC No
Holdings
Withdrawn status Lost status Source of classification or shelving scheme Damaged status Not for loan Collection Home library Current library Shelving location Date acquired Total Checkouts Full call number Barcode Date last seen Copy number Price effective from Koha item type
    Dewey Decimal Classification     Fiction Footprints International School Library Network Toul Kork Campus Footprints International School Library Network Toul Kork Campus A TK Campus, 4th Floor, Room B401, Fiction Bookcases (1-6) 01/30/2026   BAR 813.00 PZ7 .B26225 2026-0220 01/30/2026 1 01/30/2026 Books